| 000 | 00847nam a2200289 a 4500 | ||
|---|---|---|---|
| 001 | |||
| 003 | DO-SdBNP | ||
| 005 | 20211001133119.0 | ||
| 008 | 090824s2009 dr 000 j spa d | ||
| 020 | _a9789945427363 | ||
| 040 |
_aDO-SdBNP _bspa _cBPMSU |
||
| 082 |
_aRD863.44 _bH344b 2009 _222 |
||
| 100 | 1 | _aHasbún Espinal, Judet | |
| 245 | 1 | 0 |
_aBreves historias de amor / _cJudet Hasbún Espinal. |
| 260 |
_aSanto Domingo : _bBúho, _c2009. |
||
| 300 |
_a178 p. ; _c22 cm. |
||
| 500 | _aIncluye datos biográficos del autor en la solapa de la cubierta | ||
| 504 | _aBibliografía: p. 178 | ||
| 590 | _aInventariado, 2021/VM | ||
| 650 | 4 | _aCuentos dominicanos | |
| 650 | 4 | _aCuentos eróticos. | |
| 650 | 0 | _aLiteratura dominicana. | |
| 650 | 4 | _aEndogamía y exogamia | |
| 650 | 4 | _aIncesto | |
| 910 | _aVMateo V. | ||
| 942 |
_2ddc _cBK |
||
| 999 |
_c13749 _d13749 |
||